| 000 | 00357nam a2200145Ia 4500 | ||
|---|---|---|---|
| 008 | 150301s2014 xx 000 0 und d | ||
| 082 |
_a150 _bC14B |
||
| 100 | _aBARLOW, DAVID H. | ||
| 245 | _aCLINICAL HB. OF PSYCHOLOGICAL DISORDERS | ||
| 250 | _a5TH | ||
| 260 |
_bGUIL FORD PUB. _aLONDON _c2014 |
||
| 300 | _a768 | ||
| 650 | _aPSYCHOLOGY | ||
| 942 |
_2ddc _cBK |
||
| 999 |
_c6740 _d6740 |
||